000 00380nam a2200157Ia 4500
008 230711s9999||||xx |||||||||||||| ||und||
020 _a978-1-907410-36-9
041 _aENG
082 _a800
_bME-T
100 _aMeyer,Stephenie
245 4 _aThe short second life of bree tanner
260 _c2010
_aLondon
_bLittle Brown
300 _a178
650 _aLiterature
942 _cBK
999 _c5265
_d5265